Alle Hauptstädte Nordamerikas - Statistiken

Allgemein
  • Dieses Quiz wurde 26 mal gespielt
  • Das Durchschnittsergebnis liegt bei 13 aus 23
Antwortstatistiken
Hauptstadt % Korrekt
Ottawa
95%
Washington, D.C.
95%
Mexiko-Stadt
86%
Guatemala-Stadt
73%
Panama-Stadt
73%
Havanna
64%
Kingston
64%
Kingstown
64%
Nassau
64%
San José
64%
San Salvador
64%
Port-au-Prince
55%
Managua
50%
Santo Domingo
45%
Port of Spain
41%
St. George’s
41%
Tegucigalpa
41%
Belmopan
36%
Saint John’s
36%
Bridgetown
32%
Basseterre
27%
Castries
27%
Roseau
27%
Keine übereinstimmenden Quizze gefunden
Verteilung der Resultate
Anzahl Personen mit jedem Resultat
Perzentil nach korrekt beantworteten Fragen
Ihre Resultats-Entwicklung
Sie haben dieses Quiz noch nicht gespielt